Knihu o slávnej trati pokrstili samotní autori

Bibliographic Details
Main Author: Sabo, Kristián (Author)
Corporate Author: Košicko-bohumínska železnica (Author)
Format: Article
Language:Slovak
PhysicalDescription:2 obr.
ISSN:1335-4566
Subjects:

MARC

LEADER 00000nab a2200000 a 4500
001 vtls000910482
003 SK-MaSNL
005 20260302173130.0
008 040720e20021002xo 0 slo
035 |a KE19404 
040 |a KEVKJB  |b slo  |c KEVKJB  |e AACR2 
041 0 |a slo 
044 |a xo  |c SK 
080 |a 656.2  |2 1981 
100 1 |a Sabo, Kristián  |4 aut  |9 872655 
245 1 0 |a Knihu o slávnej trati pokrstili samotní autori 
300 |b 2 obr. 
610 2 7 |a Košicko-bohumínska železnica (Slovensko, Česko)  |2 KEVKJB  |9 383082 
610 2 7 |a Železničná stanica (Košice, Slovensko)  |2 KEVKJB  |9 273423 
650 0 7 |a železnice  |2 KEVKJB  |9 20511 
650 0 7 |a výročie založenia 130.  |2 KEVKJB  |9 880240 
650 0 7 |a pamätné tabule  |2 KEVKJB  |9 29445 
650 0 7 |a prezentácia kníh  |2 KEVKJB  |9 862333 
650 0 7 |a informácie  |2 KEVKJB  |9 1285 
651 7 |a Košice (Slovensko)  |2 KEVKJB  |9 18694 
710 2 |a Košicko-bohumínska železnica  |4 aut  |9 880310 
773 0 8 |t Košický denník Korzár  |g Roč. 5, č.229, 2.10.2002, s. 2  |x 1335-4566 
852 |a ZVYKNI  |b KIS3GCP 
999 |c 1400834  |d 1402764